Música - Statistics

Estatísticas Gerais
  • Esse quiz foi jogado 414 vezes
  • A pontuação média é 9 de 15
Estatísticas das Respostas
Hint Resposta % Correto
Price Tag Jessie J
94%
Easy on me Adele
91%
Roar Katy Perry
90%
Baby Justin Bieber
87%
Numb Linkin Park
67%
Perfect Ed Sheeran
66%
All of me John Legend
59%
Imagine John Lennon
59%
You and I One Direction
50%
A thousand years Christina Perri
43%
I'm yours Jason Mraz
41%
Try Pink
38%
Hello Beyoncé
36%
Always Bon Jovi
29%
All Day Now United
25%
Nenhum quiz correspondente encontrado
Distribuição das Pontuações
Porcentagem de Pessoas com Cada Pontuação
Percentil de Números Respondidos
Sua Pontuação Histórica
Você não jogou esse quiz